| 000 | 01085cam a2200313 a 4500 | ||
|---|---|---|---|
| 999 |
_c534029 _d534029 |
||
| 001 | 12104838 | ||
| 003 | Nust | ||
| 005 | 20200128153141.0 | ||
| 008 | 000713s2001 nyu 000 1 eng | ||
| 010 | _a 00058414 | ||
| 020 | _a9780747593812 | ||
| 038 | _aMSOHAIL | ||
| 040 |
_aDLC _cDLC _dDLC |
||
| 043 | _aa-ii--- | ||
| 050 | 0 | 0 |
_aPS3569.U725 _bD43 2001 |
| 082 | 0 | 0 |
_a813.6 _bSUR |
| 100 | 1 |
_aSuri, Manil. _928142 |
|
| 245 | 1 | 4 |
_aThe death of Vishnu / _cManil Suri. |
| 260 |
_aNew York : _bW.W. Norton, _c2001. |
||
| 300 |
_a329 p. ; _c24 cm. |
||
| 650 | 0 |
_aApartment houses _vFiction. _928143 |
|
| 650 | 0 |
_aHousehold employees _vFiction. _928144 |
|
| 650 | 0 |
_aDeath _vFiction. _911092 |
|
| 651 | 0 |
_aMumbai (India) _vFiction. _928145 |
|
| 655 | 7 |
_aDomestic fiction. _2lcsh _94525 |
|
| 906 |
_a7 _bcbc _corignew _d1 _eocip _f20 _gy-gencatlg |
||
| 942 |
_2ddc _cBK |
||